| 000 | 01019pam a2200313 a 4500 | ||
|---|---|---|---|
| 001 | 4644 | ||
| 003 | FISKH | ||
| 005 | 20240918150936.0 | ||
| 008 | 890823r19901987nyua j 000 1 eng | ||
| 010 | _a 89039809 | ||
| 020 | _a0689713991 : | ||
| 040 |
_aDLC _cDLC _dDLC _beng |
||
| 050 | _aPZ7.R982 | ||
| 082 | _a813.54 | ||
| 100 | 1 | _aRylant, Cynthia. | |
| 245 | 1 | 0 |
_aHenry and Mudge : _bthe first book / _cstory by Cynthia Rylant ; pictures by Suçie Stevenson. |
| 250 | _aThis edition published in 1991 | ||
| 260 |
_aBoston : _bHoughton Mifflin, _c1987 |
||
| 300 |
_a40 pages : _bcolor illustrations ; _c23 cm |
||
| 505 | _aI | ||
| 520 | _aHenry, feeling lonely on a street without any other children, finds companionship and love in a big dog named Mudge. | ||
| 521 | 8 |
_a460
_bLexile |
|
| 521 | 8 |
_aI
_bRaz-Plus |
|
| 650 | 1 |
_aDogs _xFiction. |
|
| 700 | 1 |
_aStevenson, Suçie, _eillustrator |
|
| 906 |
_a7 _bcbc _corignew _d1 _eocip _f19 _gy-gencatlg |
||
| 942 |
_2ddc _cBK _n0 |
||
| 999 |
_c4644 _d4644 |
||